|
|
|
|
| LEADER |
00000nab a2200000uu 4500 |
| 001 |
vtls011525419 |
| 003 |
SK-MaSNL |
| 005 |
20260303202635.0 |
| 008 |
230704|1930 xo |||||||||||||||||cze| |
| 015 |
|
|
|a SNBRB
|
| 035 |
|
|
|a (urnnbn)urn:nbn:sk:snk:ar-003c6g
|
| 035 |
|
|
|a (uuid)623e1cac-9a0d-451e-a665-fe78270d9045
|
| 035 |
|
|
|a urn:nbn:sk:snk-abecqc
|
| 040 |
|
|
|a SNKBUCL
|b slo
|c SNKBUCL
|e AACR2
|
| 041 |
0 |
|
|a cze
|
| 044 |
|
|
|a xo
|c SK
|
| 100 |
1 |
|
|a Sokolová, Vilma,
|d 1859-1941
|4 aut
|9 81257
|
| 245 |
1 |
0 |
|a Z mých vzpomínek na Slovensko
|c Vilma Sokolová-Seidlová
|
| 773 |
0 |
|
|t Slovenské pohľady
|g Roč. 46, č. 6 - 8 (1930), s. 469-511
|
| 850 |
|
|
|a Slovenská národná knižnica
|
| 852 |
|
|
|a Slovenská národná knižnica
|
| 954 |
|
|
|a beletria cudzojazyčná (svetová)
|2 lita
|
| 958 |
|
|
|a ONDV
|
| 958 |
|
|
|a article21
|
| 999 |
|
|
|c 2180913
|d 2182843
|